Private Strafvollzugsanstalten in den USA: eine Perspektive für Deutschland?
| Main Author: | |
|---|---|
| Format: | Print Book |
| Language: | German |
| Published: |
Herbolzheim
Centaurus-Verl.
2002
|
| In: |
Studien und Materialien zum Straf- und Maßregelvollzug (18)
Year: 2002 |
| Online Access: |
Cover Table of Contents |
| Availability in Tübingen: | Present in Tübingen. IFK: S 130 18 |
| Check availability: | HBZ Gateway |
| Subito Delivery Service: | Order now. |
| Keywords: |
MARC
| LEADER | 00000cam a2200000 c 4500 | ||
|---|---|---|---|
| 001 | 356775046 | ||
| 003 | DE-627 | ||
| 005 | 20251129024334.0 | ||
| 007 | tu | ||
| 008 | 021121s2002 gw ||||| m 00| ||ger c | ||
| 020 | |a 3825503836 |9 3-8255-0383-6 | ||
| 035 | |a (DE-627)356775046 | ||
| 035 | |a (DE-576)102501807 | ||
| 035 | |a (DE-599)GBV356775046 | ||
| 035 | |a (OCoLC)249002237 | ||
| 035 | |a (OCoLC)52348479 | ||
| 040 | |a DE-627 |b ger |c DE-627 |e rakwb | ||
| 041 | |a ger | ||
| 044 | |c XA-DE | ||
| 050 | 0 | |a HV9469 | |
| 084 | |a 19 |2 sdnb | ||
| 084 | |a 17 |2 sdnb | ||
| 084 | |a 20 |2 sdnb | ||
| 084 | |a PH 6405 |q DE-208 |2 rvk |0 (DE-625)rvk/136436:406 | ||
| 084 | |a 86.37 |2 bkl | ||
| 084 | |a 86.06 |2 bkl | ||
| 100 | 1 | |a Giefers-Wieland, Natalie |d 1969- |0 (DE-588)124294324 |0 (DE-627)085766933 |0 (DE-576)185879675 |4 aut | |
| 109 | |a Giefers-Wieland, Natalie 1969- |a Wieland, Natalie Giefers- 1969- | ||
| 245 | 1 | 0 | |a Private Strafvollzugsanstalten in den USA |b eine Perspektive für Deutschland? |c Natalie Giefers-Wieland |
| 264 | 1 | |a Herbolzheim |b Centaurus-Verl. |c 2002 | |
| 300 | |a XIII, 227 S. |b graph. Darst. | ||
| 336 | |a Text |b txt |2 rdacontent | ||
| 337 | |a ohne Hilfsmittel zu benutzen |b n |2 rdamedia | ||
| 338 | |a Band |b nc |2 rdacarrier | ||
| 490 | 1 | |a Studien und Materialien zum Straf- und Maßregelvollzug |v 18 | |
| 500 | |a Literaturverz. S. 189 - 227 | ||
| 502 | |a Zugl.: Köln, Univ., Diss., 1997 | ||
| 583 | 1 | |a Archivierung/Langzeitarchivierung gewährleistet |f PEBW |x XA-DE-BW |2 pdager |5 DE-31 | |
| 583 | 1 | |a Archivierung prüfen |c 20240324 |f DE-4165 |z 2 |2 pdager | |
| 650 | 0 | |a Prisons |x United States | |
| 650 | 0 | |a Privatization |x United States | |
| 650 | 0 | |a Corrections |x Contracting out |x United States | |
| 650 | 0 | |a Prisons |x Germany | |
| 650 | 0 | |a Privatization |x Germany | |
| 650 | 0 | |a Corrections |x Contracting out |x Germany | |
| 655 | 7 | |a Hochschulschrift |0 (DE-588)4113937-9 |0 (DE-627)105825778 |0 (DE-576)209480580 |2 gnd-content | |
| 689 | 0 | 0 | |d g |0 (DE-588)4011882-4 |0 (DE-627)104704861 |0 (DE-576)208896155 |a Deutschland |2 gnd |
| 689 | 0 | 1 | |d s |0 (DE-588)4057808-2 |0 (DE-627)106149415 |0 (DE-576)20912377X |a Strafvollzug |2 gnd |
| 689 | 0 | 2 | |d s |0 (DE-588)4047297-8 |0 (DE-627)104629444 |0 (DE-576)209073136 |a Privatisierung |2 gnd |
| 689 | 0 | 3 | |d s |0 (DE-588)4187680-5 |0 (DE-627)105270296 |0 (DE-576)210047410 |a Verfassungsmäßigkeit |2 gnd |
| 689 | 0 | 4 | |d g |0 (DE-588)4078704-7 |0 (DE-627)106076612 |0 (DE-576)209209682 |a USA |2 gnd |
| 689 | 0 | |5 DE-101 | |
| 689 | 1 | 0 | |d g |0 (DE-588)4011882-4 |0 (DE-627)104704861 |0 (DE-576)208896155 |a Deutschland |2 gnd |
| 689 | 1 | 1 | |d s |0 (DE-588)4057808-2 |0 (DE-627)106149415 |0 (DE-576)20912377X |a Strafvollzug |2 gnd |
| 689 | 1 | 2 | |d s |0 (DE-588)4047297-8 |0 (DE-627)104629444 |0 (DE-576)209073136 |a Privatisierung |2 gnd |
| 689 | 1 | 3 | |d s |0 (DE-588)4187680-5 |0 (DE-627)105270296 |0 (DE-576)210047410 |a Verfassungsmäßigkeit |2 gnd |
| 689 | 1 | 4 | |d g |0 (DE-588)4078704-7 |0 (DE-627)106076612 |0 (DE-576)209209682 |a USA |2 gnd |
| 689 | 1 | |5 (DE-627) | |
| 751 | |a Köln |0 (DE-588)4031483-2 |0 (DE-627)106265458 |0 (DE-576)208992669 |4 uvp | ||
| 830 | 0 | |a Studien und Materialien zum Straf- und Maßregelvollzug |v 18 |9 18 |w (DE-627)528248790 |w (DE-576)037201816 |w (DE-600)2290809-2 |x 0944-887X |7 am | |
| 856 | 4 | 2 | |u http://www.gbv.de/dms/spk/sbb/toc/356775046.pdf |m V:DE-601 |m B:DE-1 |q pdf/application |x Verlag |y Inhaltsverzeichnis |3 Inhaltsverzeichnis |7 1 |
| 856 | 4 | 2 | |u https://swbplus.bsz-bw.de/bsz102501807cov.jpg |m V:DE-576 |m X:springer |q image/jpeg |v 20170105112326 |3 Cover |7 1 |
| 936 | r | v | |a PH 6405 |b Strafverfahrensrecht, Strafvollzug, Gesetzgebungsmaterialien und -entwürfe zum Strafverfahrensrecht und Strafvollzug |k Rechtswissenschaft |k Strafrecht, Strafverfahrensrecht, Kriminologie |k Vergleichendes und ausländisches Straf- und Strafprozessrecht einschliesslich Strafvollzug |k Ausländisches Recht - Einzelne Länder |k Amerika |k Nordamerika |k USA |k Strafverfahrensrecht, Strafvollzug, Gesetzgebungsmaterialien und -entwürfe zum Strafverfahrensrecht und Strafvollzug |0 (DE-627)1271952823 |0 (DE-625)rvk/136436:406 |0 (DE-576)201952823 |
| 936 | b | k | |a 86.37 |j Strafvollzug |0 (DE-627)106413546 |
| 936 | b | k | |a 86.06 |j Rechtsvergleichung |j Rechtsvereinheitlichung |0 (DE-627)106410687 |
| 951 | |a BO | ||
| ELC | |b 1 | ||
| LOK | |0 000 xxxxxcx a22 zn 4500 | ||
| LOK | |0 001 3087134503 | ||
| LOK | |0 003 DE-627 | ||
| LOK | |0 004 356775046 | ||
| LOK | |0 005 20030225000000 | ||
| LOK | |0 008 030225||||||||||||||||ger||||||| | ||
| LOK | |0 040 |a DE-21-110 |c DE-627 |d DE-21-110 | ||
| LOK | |0 852 |a DE-21-110 | ||
| LOK | |0 852 1 |c S 130 18 |m p |9 00 | ||
| LOK | |0 935 |a k110 | ||
| LOK | |0 938 |k p | ||
| LOK | |0 939 |a 25-02-03 |b l01 | ||
| ORI | |a SA-MARC-krimdoka001.raw | ||
| SIG | |a IFK: S 130 18 | ||
| TIM | |a 100019901003_100020261231 |b 1990-10-03 - 2026 | ||
